| Tag |
First Indicator |
Second Indicator |
Subfields |
| LEADER |
00000pam a2200000 a 4500 |
| 001 |
in00000084474 |
| 005 |
20151008061411.0 |
| 008 |
810428s1982 nju b 00110 eng |
| 010 |
|
|
|a 81007342
|
| 020 |
|
|
|a 0137824823
|
| 035 |
|
|
|a (OCoLC)07553956
|
| 035 |
|
|
|9 AAJ7977AM
|
| 039 |
0 |
|
|a 2
|b 3
|c 3
|d 3
|e 3
|
| 040 |
|
|
|a DLC
|c DLC
|d TXA
|d UtOrBLW
|
| 049 |
|
|
|a TXAM
|c [1561394]
|
| 050 |
0 |
0 |
|a LB1584
|b .S47 1982
|
| 082 |
0 |
|
|a 372.8/3
|2 19
|
| 100 |
1 |
|
|a Shaftel, Fannie R.
|
| 245 |
1 |
0 |
|a Role playing in the curriculum /
|c Fannie R. Shaftel, George Shaftel.
|
| 250 |
|
|
|a 2nd ed.
|
| 264 |
|
1 |
|a Englewood Cliffs, N.J. :
|b Prentice-Hall,
|c [1982]
|
| 264 |
|
4 |
|c ©1982
|
| 300 |
|
|
|a xviii, 362 pages ;
|c 24 cm.
|
| 336 |
|
|
|a text
|b txt
|2 rdacontent
|
| 337 |
|
|
|a unmediated
|b n
|2 rdamedia
|
| 338 |
|
|
|a volume
|b nc
|2 rdacarrier
|
| 500 |
|
|
|a First edition published in 1967 as: Role-playing for social values.
|
| 500 |
|
|
|a Includes index.
|
| 504 |
|
|
|a Bibliography: pages 350-355.
|
| 650 |
|
0 |
|a Social sciences
|x Study and teaching (Elementary)
|
| 650 |
|
0 |
|a Role playing.
|
| 650 |
|
0 |
|a Social values.
|
| 700 |
1 |
|
|a Shaftel, George Armin.
|
| 999 |
|
|
|a MARS
|
| 999 |
f |
f |
|s ae6ac1a5-62ed-3b4e-b958-259f41288849
|i fc1b8e01-9a3f-3701-bc14-591afcb93230
|t 0
|
| 952 |
f |
f |
|p normal
|a Texas A&M University
|b College Station
|c Sterling C. Evans Library
|d Evans: Library Stacks
|t 0
|e LB1584 .S47 1982
|h Library of Congress classification
|i unmediated -- volume
|m A14806160863
|
| 998 |
f |
f |
|a LB1584 .S47 1982
|t 0
|l Evans: Library Stacks
|